| 000 | 00442nam a2200157Ia 4500 | ||
|---|---|---|---|
| 003 | 0 | ||
| 005 | 20260122104422.0 | ||
| 008 | 180309s9999 xx 000 0 und d | ||
| 020 | _a722512317 | ||
| 100 | _aAsh, Janet | ||
| 245 |
_cRoberts, Dulcie _aHappiness is junk-free food / |
||
| 260 |
_aWellingborough, Northamptonshire _bThorsons Publication Group _c1986 |
||
| 300 | _a271 pages | ||
| 650 | _aCooking (Natural foods) | ||
| 942 |
_2lcc _cBK |
||
| 999 |
_c356113 _d356113 |
||